000
00299nam a22001337a 4500
008
171017b xxu||||| |||| 00| 0 eng d
020
_a
9780314447593
041
_a
eng
080
_2
3 ED
_a
331.101.262
100
_a
52
101
_a
BNJ
245
_a
PEOPLE AT WORK
_c
TIMM.P.R
942
_2
udc
_c
BK
999
_c
34372
_d
34372